000 00325nam a2200133Ia 4500
008 191201s2011 xx 000 0 und d
082 _a658.007
_bCHR
100 _aCHAWLA,Deepak
245 0 _aResearch Methodology
260 _aN. delhi
_bVikas Publication House
_c2011
300 _a670
650 _aMBA
942 _2ddc
_cBK
_08
999 _c5482
_d5482